[Event "Bohumin op 5th"]
[Site "Bohumin"]
[Date "2022.07.02"]
[Round "1"]
[White "Fremr, Tomas"]
[Black "Kubos, Rostislav"]
[Result "0-1"]
[WhiteElo "1435"]
[BlackElo "2148"]
[PlyCount "86"]
[EventDate "2022.07.02"]
[EventType "swiss"]
[EventRounds "9"]
[EventCountry "CZE"]
[SourceTitle "CBM 209 Extra"]
[Source "ChessBase"]
[SourceDate "2022.09.30"]
[SourceVersion "1"]
[SourceVersionDate "2022.09.30"]
[SourceQuality "1"]

1. c4 Nf6 2. Nc3 g6 3. g3 Bg7 4. Bg2 0-0 5. Rb1 d6 6. Nf3 Nc6 7. 0-0 e5 8. d3 h6 9. b4 Be6 10. Nd2 Qd7 11. Qa4 Bh3 12. Nde4 Nxe4 13. Nxe4 Nd4 14. Qxd7 Nxe2+ 15. Kh1 Bxd7 16. Bxh6 Bc6 17. Bxg7 Kxg7 18. b5 Bxe4 19. Bxe4 Nc3 20. Rb2 Nxe4 21. dxe4 f5 22. Re1 f4 23. Kg1 b6 24. Ree2 g5 25. g4 f3 26. Re3 Rf4 27. Rbb3 Rxg4+ 28. Kf1 Rf8 29. Rxf3 Rxf3 30. Rxf3 Rxe4 31. Rf5 Kg6 32. Rf8 Rxc4 33. Rc8 Kf5 34. Ke2 d5 35. Rf8+ Ke6 36. Re8+ Kd6 37. Kd2 Ra4 38. Rg8 Rxa2+ 39. Ke3 Ra3+ 40. Ke2 Ra2+ 41. Kf3 e4+ 42. Ke3 Ra3+ 43. Kd4 Rd3# 0-1